banner koha

Criopreservação do plasma rico em plaquetas de equinos (Registro n. 329503)

MARC details
000 -LÍDER
fixed length control field 02572nab a2200313 i 4500
003 - CÓDIGO MARC DA AGÊNCIA CATALOGADORA
Campo de controle BR-BrBNA
005 - DATA E HORA DA ÚLTIMA ATUALIZAÇÃO
Campo de controle 20250106135159.0
008 - CAMPO DE TAMANHO FIXO
fixed length control field 250106b2016 bl.|r|pooa||| 00| 0 por |
040 ## - FONTE DA CATALOGAÇÃO
Agência catalogadora BR-BrBNA
Idioma da catalogação por
072 ## - CATEGORIA AGRIS
Código AGRIS L70
Código do objeto 5100
100 ## - ENTRADA PRINCIPAL - NOME PESSOAL
Nome pessoal Fantini, P.
100 ## - ENTRADA PRINCIPAL - NOME PESSOAL
Nome pessoal Palhares, M.S.
100 ## - ENTRADA PRINCIPAL - NOME PESSOAL
Nome pessoal Prades, M.
100 ## - ENTRADA PRINCIPAL - NOME PESSOAL
Nome pessoal Macedo, V.C.
100 ## - ENTRADA PRINCIPAL - NOME PESSOAL
Nome pessoal Silva Filho, J.M.
100 ## - ENTRADA PRINCIPAL - NOME PESSOAL
Nome pessoal Leme, F.O.P.
100 ## - ENTRADA PRINCIPAL - NOME PESSOAL
Nome pessoal Carmona, J.U.
245 ## - TÍTULO PRINCIPAL
Título principal Criopreservação do plasma rico em plaquetas de equinos
500 ## - NOTA GERAL
Nota geral <br/>Publicação on line; 33 ref.; 4 tables; Summaries (En, Pt)
942 ## - ADDED ENTRY ELEMENTS (KOHA)
Koha item type Analítica
520 ## - NOTA DE RESUMO
Nota de conteúdo <br/><br/><br/>RESUMO - Avaliou-se o congelamento do plasma rico em plaquetas (PRP) de equinos, a -196ºC em nitrogênio líquido, utilizando-se como crioprotetor o DMSO em duas concentrações (3% e 6%), e, como ponto final, a avaliação da morfologia e da agregometria plaquetária. Foram utilizadas 12 amostras de PRP em duas repetições. Previamente ao congelamento, as amostras foram submetidas a um resfriamento lento (- 0,07ºC/minuto) até a temperatura final de 4-5ºC. A criopreservação do PRP equino, incluindo um resfriamento lento a 4-5ºC, previamente ao congelamento a -197ºC em nitrogênio líquido, foi similar para as concentrações do crioprotetor DMSO a 3% ou 6%, quando avaliado o percentual de ativação e de agregação plaquetária.<br/>.<br/><br/>Palavras-chave: equino, plasma rico em plaquetas (PRP), criopreservação, DMSO
520 ## - NOTA DE RESUMO
Nota de conteúdo <br/><br/><br/>ABSTRACT - Equine platelet-rich plasma (PRP) frozen at -196°C in liquid nitrogen using DMSO as a cryoprotectant in two different concentrations (3% and 6%) was evaluated, using platelet morphology and aggregometry as the final parameters. Twelve PRP samples were used in two repetitions. The samples were submitted to slow cooling prior to frozen (-0.07°C/minute) until they reached the temperature of 4-5°C. Platelet cryopreserved in 3% or 6% DMSO, presented similar efficacy when the percentage of activation and platelet aggregation was evaluated.<br/><br/><br/>Keywords: Equine, platelet-rich plasma (PRP), cryopreservation, DMSO
650 ## - ASSUNTO - THESAGRO
Cabeçalho tópico ou nome geográfico EQUINO
650 ## - ASSUNTO - THESAGRO
Cabeçalho tópico ou nome geográfico CRIOPRESERVAÇÃO
650 ## - ASSUNTO - THESAGRO
Cabeçalho tópico ou nome geográfico VETERINÁRIA
773 0# - ENTRADA ANALÍTICA
Host Biblionumber 1643
Registro do item 347389
Imprenta Belo Horizonte-MG Universidade Federal de Minas Gerais - Escola de Veterinaria 1983
Outro identificador 2024-8402
Título Arquivo Brasileiro de Medicina Veterinária e Zootecnia (Brazil)
ISSN 0102-0935
Colação v. 68(1) p. 73-81; (2016)
Número de controle de registro BR2024004296
856 ## - ACESSO E ENDEREÇO ELETRÔNICO
Identificador uniforme de recurso - URI https://www.scielo.br/j/abmvz/a/RwnZ3rxL8fKcGXxmN7cQ57B/?format=pdf&lang=pt

Nenhum exemplar disponível.

BINAGRI

Telefone: (61)3218-2567/2388/3357/2097 - binagri@agro.gov.br

Ministério da Agricultura e Pecuária , Esplanada dos Ministérios, Bloco D, Anexo B, Brasília/DF, CEP: 70.043-900